000
00349nam a22001457a 4500
008
230405b |||||||| |||| 00| 0 eng d
020
_a
978-1-529-10238-3
082
_a
813.54
100
_a
Holly Black
245
_a
Book of Night
260
_b
Del Rey,
_c
2022
300
_a
306 p.
_c
23.5 cm
942
_2
ddc
999
_c
9504
_d
9505